| 000 | 00871cam a22001934a 4500 | ||
|---|---|---|---|
| 005 | 20250605163930.0 | ||
| 008 | 250528s ||||||||||||||||||||||||d | ||
| 035 | _a14640 | ||
| 020 | _a863773931 | ||
| 040 |
_aGR-AtMCL _bgre _dGR-AtMCL _eAACR2 |
||
| 245 | 1 | _aUnsolved Mysteries of the Mind / Tutorial Essays in Cognition | |
| 260 |
_bErlbaum Taylor & Francis, _c1996 |
||
| 300 | _a260 | ||
| 520 | _aThis book is for use in tutorials and seminars with psychology, neuroscience and cognitive science undergraduates studying cognition. List of Contributors, Preface, Introduction: Soluble and Insoluble Mysteries of the Mind, Visual Illusions, Reality and Imagination, Control of Mental Processes, Consciousness, Why Do We Need Emotions?, Can Animals Think?, Author and Subject Index. | ||
| 700 | 1 |
_aBruce Vicki _969 |
|
| 942 | _cBK | ||
| 999 |
_c264 _d264 |
||